000
00491nam a2200169Ia 4500
008
090711s9999 xx 000 0 und d
082
_b
56790
100
_a
प्रफुल्ल दत्त
245
_a
रेशमी लडया
260
_c
1965
300
_a
120
600
_a
प्रफुल्ल दत्त
630
_a
रेशमी लडया
700
_a
प्रफुल्ल दत्त
730
_a
रेशमी लडया
942
_c
BOOK
999
_c
314099
_d
314099